Movies Quiz

Random Movies or Actor Quiz

Who's That Actor II Quiz Stats

 Plays Quiz Updated Sep 20, 2018

Score 0/20 Timer 05:00
3 Plays Today
Who was he/she? Actor/Actress % Correct
He was a jet fighter pilot, a vampire, a samurai and indirectly gave flu to MartiansTom Cruise
83.7%
He liked to cite the Bible, owned a badass wallet, a purple lightsaber and apparently dislikes snakesSamuel L. Jackson
82.8%
She was in love with a professional hitman, then married the wrong Jedi, and had a strange attraction about the letter VNatalie Portman
80.4%
He liked to dress up as a lady, fought with Captain Hook and managed to wake up De NiroRobin Williams
79.4%
He was a Schmuck, Despicable, a Who, and a virgin for entirely too longSteve Carell
76.2%
He was able to breathe under water, danced with wolves and lived in SherwoodKevin Costner
75.3%
He was a neo-nazi skinhead, liked to fight with himself and when he got angry he turned greenEdward Norton
74.6%
He was the mafia don, a cocaine kingpin, the devil and he suffered from insomniaAl Pacino
70%
He was the unbreakable last boy scout that saved the Earth from an asteroid. And now he's got a machine gun, ho ho hoBruce Willis
69.9%
He was a dancing instructor and a ghost, robbed banks and played hockeyPatrick Swayze
68.7%
Who was he/she? Actor/Actress % Correct
She was an archaeologist with attraction to guns, a hacker and a mental hospital patient (twice)Angelina Jolie
63.9%
He escaped from New York and from Los Angeles and also had a death proof carKurt Russell
46.4%
He was the archangel, played the russian roulette and used to keep a watch inside his anusChristopher Walken
40.9%
He was the White Russian enthusiast, he was inside the computer system and he came from the starsJeff Bridges
35%
This poor guy was killed by the T800, then by the xenomorphs, and then the Predator ripped out his spine... and he had to survive the TwisterBill Paxton
27.4%
She was a vampire, survived an alien invasion, and got to hang out with The Cat in the HatDakota Fanning
26.5%
Somebody just wasn't that into her and she had to deal with a schizophrenic genius, then with the green giant and with that 'Whoa' alien guyJennifer Connelly
25%
He was White, he was Wolf and he wasn't a good lieutenant at allHarvey Keitel
20.8%
Dragons, machines, insane supervillains, Shaft - he fought them all, and he sang in choirChristian Bale
17.4%
He came straight from Hell, he was the Beast and he was the president of a motorcycle clubRon Perlman
13.5%

You're not logged in!

Compare scores with friends on all Sporcle quizzes.
OR
Log In

Sporcle TV

Today on Sporcle TV


Watch our educational content, quiz creation guides, and fun videos on Sporcle TV.

Show Comments

Extras

Top Quizzes Today


Score Distribution

Your Account Isn't Verified!

In order to create a playlist on Sporcle, you need to verify the email address you used during registration. Go to your Sporcle Settings to finish the process.

Report this User

Report this user for behavior that violates our Community Guidelines.

Details: